000 004550000a22001810004500
003 MACL
005 20150822132838.0
008 150822b xxu||||| |||| 00| 0 eng d
040 _aMACL
_cMACL
041 _aEnglish
082 _a634.8/CHI
100 _aSubramaniam, Chitra
_96818
245 _aBofors
_bThe Story Behind the News
260 _bViking
_c1993
_aNew Delhi
350 _a250
650 _aNew , Media Journalism
_9331
942 _cBK
_k6348
_2ddc
999 _c3850
_d3850